00533nam a22001697a 450000500170000001000150001702000260003203500130005803700130007108200100008410000180009424500760011226000370018827000550022530000330028050000500031320130516154852.0 aENG-107025 a9788184050738c950.00 aEN-90558 bDBAD/PUB a333.7 aHahnel, Robin aGreen economics :cby Robin Hahnelbconfronting the ecological crisis / aNew DelhibReference Pressc2011 a4831/24, Ansari Road, DaryaganjbNew Delhie110002 axvii, 259p.:bill.c22cm(Hb) aIncludes bibliographical references and index